000 00555nam a2200193Ia 4500
999 _c28537
_d28537
003 OSt
005 20250827114820.0
008 250310s9999||||xx |||||||||||||| ||und||
040 _c.
082 _a621.3
_bT398
100 _940
_aTheraja, B. L.
245 0 _aA Textbook of Electrical technology in S.I. units /
_cby B. L. Theraja and A. K. Theraja
250 _a23 rev ed.
260 _aNew Delhi :
_bS. Chand Pvt. Ltd.
_c2002.
300 _a2432 p.
650 0 _92749
_aElectrical technology
650 0 _911
_aElectrical Engineering
942 _cBK
_2ddc